00250nam a2200097Ia 4500008004100000100002400041245004100065260002200106942000700128999001700135190216s9999||||xx |||||||||||||| ||und|| aKrishan Warrier N V 0aSaithanthika Carbanika Resathanthram bKerala Basha Inst cBK c37778d37778